Spôsob zdaňovania autorských honorárov

Právne vzťahy, ktoré vznikajú v súvislosti s vytvorením, používaním a šírením literárnych a vedeckých diel upravuje Autorský zákon č. 383/1997. Príjem autorov z inej samostatnej zárobkovej činnosti, za príspevky do novín a časopisov a zo závislej činnosti. Praktické príklady.

Salvato in:
Dettagli Bibliografici
Autore principale: Fekete, Imrich
Natura: Capitolo di libro
Lingua:slovacco
Soggetti:
Tags: Aggiungi Tag
Nessun Tag, puoi essere il primo ad aggiungerne!!

MARC

LEADER 00000naa a2200000 4500
001 r034579
005 20230911130445.9
041 0 |a slo 
044 |a SK 
245 1 0 |a Spôsob zdaňovania autorských honorárov  |c Imrich Fekete 
520 |a Právne vzťahy, ktoré vznikajú v súvislosti s vytvorením, používaním a šírením literárnych a vedeckých diel upravuje Autorský zákon č. 383/1997. Príjem autorov z inej samostatnej zárobkovej činnosti, za príspevky do novín a časopisov a zo závislej činnosti. Praktické príklady. 
610 2 0 |a ochrana autorstva 
610 2 0 |a honoráre 
610 2 0 |a odmeny 
610 2 0 |a dane 
610 2 0 |a umelci 
610 2 0 |a poplatky 
610 2 0 |a licencie 
610 2 0 |a sadzby daňové 
610 2 0 |a zákony 
610 2 0 |a Slovensko 
610 2 0 |a 1997 
100 1 |a Fekete, Imrich